000 00885nam a2200253Ia 4500
003 OSt
005 20220923214913.0
006 a|||||r|||| 00| 0
007 ta
008 220922b |||||||| |||| 00| 0 hin d
024 _a173,645
037 _cTextual
040 _aARTS
_cARTS
_bhin
041 _2hin
_ahin
082 _aO152:6M64x, M1
100 _aनवल, नंदकिशोर
245 0 _aआचार्य महावीर प्रसाद द्वीवेदी
246 _aĀchārya hināvīr prasād dvīvedī
260 _aनयी दिल्ली
_b साहित्य अकादमी
_c1981
300 _a97पृ.
_ccm.
490 _aभारतीय साहित्य के निर्माता
942 _hO152:6M64x, M1
_cTEXL
_2CC
999 _c327509
_d327509